サッカー日本代表 背番号10 - Statistics

General Stats
  • This quiz has been taken 197 times
  • The average score is 5 of 14
Answer Stats
年代 選手 % Correct
2011~2018 香川真司
89%
2020~2022 南野拓実
84%
2023 堂安律
83%
2003~2010 中村俊輔
72%
2019 中島翔哉
45%
1996~2000 名波浩
34%
2002 中山雅史
31%
1992~1995 ラモス瑠偉
28%
2019 乾貴士
18%
2008 山瀬功治
6%
2017~2018 大島僚太
6%
2015 興梠慎三
5%
2019 仲川輝人
4%
2001 三浦淳宏
3%
No matching quizzes found
Score Distribution
Percent of People with Each Score
Percentile by Number Answered
Your Score History
You have not taken this quiz